|
|
|
|
| LEADER |
01070nam a2200253 u 4500 |
| 001 |
10067333 |
| 003 |
GR-PaULI |
| 005 |
20240208063306.0 |
| 008 |
080731s1995 us eng |
| 952 |
|
|
|0 0
|1 0
|2 ddc
|4 0
|6 Π_Σ_514_200000000000000_FUL
|7 0
|8 NFIC
|9 67677
|a LISP
|b LISP
|c REF
|d 2016-04-24
|i 092221
|l 0
|o Π/Σ 514.2 FUL
|p 025000162205
|r 2016-04-24 00:00:00
|t 1
|v 2016.00
|w 2016-04-24
|y BK15
|
| 999 |
|
|
|c 43609
|d 43609
|
| 020 |
|
|
|a 0387943277
|
| 040 |
|
|
|a GR-PaULI
|c GR-PaULI
|b gre
|e AACR2
|
| 082 |
0 |
4 |
|a 514.2
|2 23
|
| 100 |
1 |
|
|9 2046
|a Fulton, William,
|d 1939-
|e συγγραφέας.
|
| 245 |
1 |
0 |
|a Algebraic topology :
|b a first course /
|c William Fulton.
|
| 260 |
|
|
|a New York :
|b Springer,
|c 1995.
|
| 300 |
|
|
|a xviii, 430 σ. ;
|c 24 εκ.
|
| 490 |
1 |
|
|a Graduate texts in mathematics
|v 153.
|
| 504 |
|
|
|a Περιλαμβάνει βιβλιογραφικές παραπομπές και ευρετήριο.
|
| 650 |
|
4 |
|a Αλγεβρική τοπολογία
|9 14
|
| 830 |
|
0 |
|a Graduate texts in mathematics (Springer)
|v 153.
|9 165425
|
| 942 |
|
|
|2 ddc
|c BKN
|
| 998 |
|
|
|c ΜΠΟΥΡΑΣ
|d 2018-11
|